000 00253nam a22001097a 4500
008 170124b xxu||||| |||| 00| 0 eng d
020 _a9780781782487
041 _aeng
080 _29TH
_a618.2
245 _aCLINICAL DRUG THERAPY
_cABRAMS
942 _2udc
_cBK
999 _c3448
_d3448